Vývoj v sektore služieb

Guardado en:
Detalles Bibliográficos
Autor principal: Michalová, Valéria
Formato: Capítulo de libro
Lenguaje:eslovaco
Etiquetas: Agregar Etiqueta
Sin Etiquetas, Sea el primero en etiquetar este registro!

MARC

LEADER 00000naa$a2200000$$$4500
001 0091514
005 20240502072024.4
041 0 |a slo 
044 |a SK 
245 1 0 |a Vývoj v sektore služieb  |c Valéria Michalová 
100 1 |a Michalová, Valéria